Notes from my captivity / Kathy Parks.
Available copies
- 1 of 1 copy available at LARL/NWRL Consortium.
Current holds
0 current holds with 1 total copy.
Show Only Available Copies
| Location | Call Number / Copy Notes | Barcode | Shelving Location | Status | Due Date |
|---|---|---|---|---|---|
| Red Lake Falls Public Library | ya PAR (Text) | 35500006071359 | Main | Available | - |
Record details
- ISBN: 0062394002
- ISBN: 9780062394002
- Physical Description: 335 pages ; 22 cm.
- Edition: First edition.
- Publisher: New York : Katherine Tegen Books, an imprint of HarperCollins Publishers, [2018]
- Copyright: ©2018
Content descriptions
| Summary, etc.: | Adrienne Cahill cares about three things: getting ... Read More |
Search for related items by subject
| LDR | 02337cam a2200481Ii 4500 | ||
|---|---|---|---|
| 001 | 293303 | ||
| 003 | LARL_NWRL_CONSORTIUM | ||
| 005 | 20180724133320.0 | ||
| 008 | 171016t20182018nyu d 000 1 eng d | ||
| 010 | . | ‡a 2017962569 | |
| 040 | . | ‡aYDX ‡beng ‡erda ‡cYDX ‡dBDX ‡dCCE ‡dZGX ‡dJQW ‡dILC ‡dORX ‡dOCLCO ‡dTXMAL ‡dNRG | |
| 020 | . | ‡a0062394002 | |
| 020 | . | ‡a9780062394002 | |
| 035 | . | ‡a(OCoLC)1006298535 | |
| 092 | . | ‡fTEEN ‡aPAR 2018 | |
| 049 | . | ‡aNRGA | |
| 100 | 1 | . | ‡aParks, Kathy ‡q(Kathleen D.), ‡eauthor. |
| 245 | 1 | 0. | ‡aNotes from my captivity / ‡cKathy Parks. |
| 250 | . | ‡aFirst edition. | |
| 264 | 1. | ‡aNew York : ‡bKatherine Tegen Books, an imprint of HarperCollins Publishers, ‡c[2018] | |
| 264 | 4. | ‡c©2018 | |
| 300 | . | ‡a335 pages ; ‡c22 cm. | |
| 336 | . | ‡atext ‡btxt ‡2rdacontent | |
| 337 | . | ‡aunmediated ‡bn ‡2rdamedia | |
| 338 | . | ‡avolume ‡bnc ‡2rdacarrier | |
| 520 | . | ‡aAdrienne Cahill cares about three things: getting into a great college; becoming a revered journalist like her idol, Sydney Declay; and making her late father proud of her. So when Adrienne is offered the chance to write an article that will get her into her dream school and debunk her foolish stepfather's belief that a legendary family of hermits is living in the Siberian wilderness, there's no question that she's going to fly across the world. But the Russian terrain is even less forgiving than Adrienne. And when disaster strikes, none of their extensive preparations seem to matter. Now Adrienne's being held captive by the family she was convinced didn't exist, and her best hope for escape is to act like she cares about them, even if it means wooing the youngest son. | |
| 650 | 0. | ‡aSurvival ‡vJuvenile fiction. | |
| 650 | 0. | ‡aSurvival ‡vFiction. | |
| 650 | 0. | ‡aFathers ‡xDeath ‡vFiction. ‡0(LARL_NWRL_CONSORTIUM)165002 | |
| 651 | 0. | ‡aSiberia (Russia) ‡vFiction. ‡0(LARL_NWRL_CONSORTIUM)168847 | |
| 650 | 1. | ‡aCaptivity ‡vYoung adult fiction. | |
| 650 | 1. | ‡aHermits ‡vYoung adult fiction. | |
| 650 | 1. | ‡aWilderness survival ‡vYoung adult fiction. | |
| 651 | 1. | ‡aSiberia (Russia) ‡vYoung adult fiction. | |
| 650 | 0. | ‡aYoung adult fiction. ‡0(LARL_NWRL_CONSORTIUM)35107 | |
| 650 | 4. | ‡aWilderness survival ‡xFiction. | |
| 650 | 4. | ‡aFathers ‡bDeath ‡xFiction. | |
| 650 | 4. | ‡aSurvival ‡vFiction. | |
| 650 | 4. | ‡aCaptivity ‡vFiction. | |
| 905 | . | ‡ubacont | |
| 901 | . | ‡a293303 ‡b ‡c293303 ‡tbiblio ‡soclc | |

Add to basket
Permalink
Disable Highlighting